000 00435nam a22001337a 4500
005 20250606033553.0
008 250606b |||||||| |||| 00| 0 eng d
082 _222
_a305
_bCHI
245 _anaithika kirayawaliya thula lama aithi wasakam rakina yathiyanthara lekkana
260 _aColombo
_bLawyers organization for Human rights & Development
300 _a112 p .,
500 _achildren's rights under the legal process
942 _cL
999 _c6057
_d6057